Moving focus essays on Indian art (Record no. 3239)

MARC details
000 -LEADER
fixed length control field 00639 a2200205 4500
010 ## - LIBRARY OF CONGRESS CONTROL NUMBER
LC control number ENG-85652
020 ## - INTERNATIONAL STANDARD BOOK NUMBER
International Standard Book Number 8170463084
Terms of availability 450.00
035 ## - SYSTEM CONTROL NUMBER
System control number EN-69185
037 ## - SOURCE OF ACQUISITION
Source of stock number/acquisition D.B.Act / ven
082 14 - DEWEY DECIMAL CLASSIFICATION NUMBER
Classification number 709.54
090 ## - LOCALLY ASSIGNED LC-TYPE CALL NUMBER (OCLC); LOCAL CALL NUMBER (OCLC)
-- 3303
-- 3303
100 1# - MAIN ENTRY--PERSONAL NAME
Personal name Subramanyan, K. G.
245 1# - TITLE STATEMENT
Title Moving focus essays on Indian art
Statement of responsibility, etc by K. G. Subramanyan
260 ## - PUBLICATION, DISTRIBUTION, ETC. (IMPRINT)
Place of publication, distribution, etc Kolkatta
Name of publisher, distributor, etc Seagull Books
Date of publication, distribution, etc 2005
270 ## - ADDRESS
Address 26, Circus Avenue,
City Kolkatta
Postal code 700 017
300 ## - PHYSICAL DESCRIPTION
Extent xii, 150 p.
Dimensions 24 cm ( Hb.)
500 ## - GENERAL NOTE
General note Includes index
942 ## - ADDED ENTRY ELEMENTS (KOHA)
Institution code [OBSOLETE] dpl
Koha item type English Books
Call number prefix 709.54 / SUB
Holdings
Withdrawn status Lost status Source of classification or shelving scheme Damaged status Not for loan Collection code Home library Current library Source of acquisition Cost, normal purchase price Total Checkouts Full call number Barcode Date last seen Copy number Uniform Resource Identifier Cost, replacement price Price effective from Koha item type
    Dewey Decimal Classification   Not For Loan Non-fiction D.B.Act.Division D.B.Act.Division DBAD/PUB 450.00   709.54 SUB EN-69185 15/09/2008 1 3447 450.00 15/09/2008 English Books

© Delhi Public Library
Hit Counter
free hit counter